000 00598nam a2200217Ia 4500
003 GCL
008 140319s9999 xx 000 0 eng d
040 _aGCL /
_cGCL
082 0 4 _a443.2
_bC O
100 1 _aO'NEILL, MARY
245 1 0 _aTHE OXFORD STARTER FRENCH DICTIONARY /
_cO'NEILL, MARY
700 1 _aLANGUAGE
700 1 _aCORREARD, MARIE - HELENE
260 _a[S.N] :
_bOXFORD UNIVERSITY PRESS ،
_c1997
300 _a399
650 0 4 _aFRENCH LANGUAGE - DICTIONARY
650 0 4 _aDICTIONARIES
650 0 4 _aLANGUAGES
650 0 4 _aENGLISH LANGUAGE - DICTIONARIES
942 _2ddc
_cBK
999 _c15727
_d15727